000 00700nam a2200289Ia 4500
005 20260324114214.0
008 008 260324s9999 xx 000 0 eng d
020 _a9781003359081
037 _aEBOOK
040 _aCRL
040 _beng
040 _cCRL
041 _2eng
041 _aeng
084 _qCRL
100 _aÉric Boëda; Michael Chazan
_91149852
245 0 _aTechno-logic & Technology
245 2 _bA Paleo-history of Knapped Lithic Objects
260 _bTaylor and Francis
260 _c2023
365 _a
365 _b220
856 _uhttp://www.taylorfrancis.com/books/9781003359081
942 _cEBOOK
999 _c1739901
_d1739901